Innovation capital : How to compete--and win--like the world's most innovative leaders

We've all seen leaders who excel at winning resources and support for their ideas. It turns out that this quality is so valuable, and measurably more important for innovation than just being creative, that it has a name: "innovation capital." Contrary to popular belief, effective lead...

Deskribapen osoa

Gorde:
Xehetasun bibliografikoak
Egile nagusia: Dyer, Jeffrey
Formatua: Liburua
Hizkuntza:Undetermined
Argitaratua: Boston, Massachusetts Harvard Business Review Press 2019
Gaiak:
Etiketak: Etiketa erantsi
Etiketarik gabe, Izan zaitez lehena erregistro honi etiketa jartzen!
Thư viện lưu trữ: Trung tâm Học liệu Trường Đại học Cần Thơ
LEADER 02070nam a2200205Ia 4500
001 CTU_236208
008 210402s9999 xx 000 0 und d
082 |a 650.1 
082 |b D996 
100 |a Dyer, Jeffrey 
245 0 |a Innovation capital : 
245 0 |b How to compete--and win--like the world's most innovative leaders 
245 0 |c Jeffrey Dyer, Nathan Furr, Curtis Lefrandt 
260 |a Boston, Massachusetts 
260 |b Harvard Business Review Press 
260 |c 2019 
520 |a We've all seen leaders who excel at winning resources and support for their ideas. It turns out that this quality is so valuable, and measurably more important for innovation than just being creative, that it has a name: "innovation capital." Contrary to popular belief, effective leaders of innovation--folks like Thomas Edison, Steve Jobs, Jeff Bezos, and Elon Musk--are successful not only because of the quality of their ideas but because they have the reputation and networks to successfully commercialize creative ideas. Nikola Tesla was arguably a more brilliant inventor than Thomas Edison, but Edison was able to realize tremendous commercial success while Tesla died penniless. Innovation Capital reveals the critical ingredient that separates the people who can marshal the resources necessary to turn their ideas into reality from those who can't, and shows you how to acquire, amplify, and use it to succeed as an innovative leader. Authors Jeff Dyer, Nathan Furr, and Curtis Lefrandt have spent decades studying how people get great ideas (the subject of The Innovator's DNA) and how people test and develop those ideas (explored in The Innovator's Method). Now, they share what they have learned from a multipronged research program designed to understand how people compete for, and obtain, resources to launch innovative new ideas--even, in some cases, before they've earned a track record of innovation. 
650 |a Thành công trong kinh doanh,Success in business 
910 |b dqhieu 
980 |a Trung tâm Học liệu Trường Đại học Cần Thơ